| 000 | 00599nam a2200181 4500 | ||
|---|---|---|---|
| 001 | 112290 | ||
| 003 | ES-MaACL | ||
| 005 | 20230906185510.0 | ||
| 007 | t| | ||
| 008 | 061121s1966 sp r ||||1| spa d | ||
| 100 | 1 |
_aNiedergan, Marcel. _985622 |
|
| 245 | 1 | 4 |
_aLas 20 jóvenes Américas / _cMarcel Niedergan; prólogo y apéndices de Carlos Rodríguez Eguía; [versión Luis Horno Liria]. |
| 260 |
_aMadrid [etc.] : _bRialp, _c1966. |
||
| 300 |
_a834 p. ; _c20 cm. |
||
| 700 | 1 |
_aRodríguez Eguía, Carlos. _998503 |
|
| 700 | 1 |
_aHorno Liria, Luis. _964232 |
|
| 852 |
_aES-MaACL _jC-29394 _bR.59552 |
||
| 999 |
_c112290 _d112290 |
||